Análisis comparado de los requisitos sociales de la democracia /
En este primer artículo, el autor estudia la relación entre crecimiento económico y desarrollo político y se establecen variables adicionales que inciden sobre la existencia y las características del proceso de democratización. Las idiosincracias nacionales, la acción de las fuerzas histórico cultur...
Збережено в:
| Автор: | |
|---|---|
| Інші автори: | , |
| Формат: | Текст |
| Предмети: | |
| Теги: |
Додати тег
Немає тегів, Будьте першим, хто поставить тег для цього запису!
|
MARC
| LEADER | 00000 a a2200000 04500 | ||
|---|---|---|---|
| 001 | 4257 | ||
| 003 | |||
| 040 | |||
| 090 | |a REV0229 (71) 1994 | ||
| 100 | |a Lipset, Seymour M. | ||
| 245 | |a Análisis comparado de los requisitos sociales de la democracia / |c Seymour M. Lipset ; Kyon - Ryung Seong ; John Charles Torres | ||
| 520 | |a En este primer artículo, el autor estudia la relación entre crecimiento económico y desarrollo político y se establecen variables adicionales que inciden sobre la existencia y las características del proceso de democratización. Las idiosincracias nacionales, la acción de las fuerzas histórico culturales y políticas y el comportamiento de los dirigentes puede hacer progresar o impedir la democratización en cualquier nación-Estado. Utiliza dos métodos estadísticos para relacionar crecimiento económico y democracia para diversas naciones. REV/jmml | ||
| 650 | |a DEMOCRACIA | ||
| 650 | |a CRECIMIENTO ECONOMICO | ||
| 650 | |a CONDICIONES SOCIALES | ||
| 650 | |a CAMBIO SOCIAL | ||
| 700 | |a Seong, Kyon - Ryung | ||
| 700 | |a Torres, John Charles | ||
| 773 | |g número 71; páginas 9-58 | ||
| 999 | |c 38659 |d 38659 | ||
